| 000 | 00794nam a2200253 a 4500 | ||
|---|---|---|---|
| 001 | 00003257 | ||
| 008 | 110328s1995 a g 000 0 eng d | ||
| 020 |
_a0201514591 : _cTk.1782.00 |
||
| 040 |
_aBD-DhIUB _cBD-DhIUB |
||
| 082 | 0 | 4 |
_a005.133C++ _219 |
| 100 | 1 | _aEllis, Margaret A. | |
| 245 | 0 | 0 |
_aThe Annotated C++ reference manual / _cMargaret A. Ellis, Bjarne Stroustrup |
| 250 | _a1st ed. | ||
| 260 |
_aReading, Mass. : _bAddison-Wesley Publishing Company, _c1995. |
||
| 300 |
_ax, 470 p. : _bill. ; _c23 cm. |
||
| 520 | 0 | _aComputer Science | |
| 556 | _a1997-06-05 | ||
| 650 | 1 | 7 |
_aComputer programming _2Spines |
| 650 | 1 | 7 |
_aComputer languages _2Spines |
| 653 | 0 | 0 | _aC programming language |
| 700 | 1 | _aStroustrup, Bjarne | |
| 999 |
_c11467 _d11467 |
||
| 526 | _bcse | ||